Poverty in Kenya (Record no. 195)
[ view plain ]
| 000 -LEADER | |
|---|---|
| fixed length control field | 00510nam a22001697a 4500 |
| 008 - FIXED-LENGTH DATA ELEMENTS--GENERAL INFORMATION | |
| fixed length control field | 230602b xxu||||| |||| 00| 0 eng d |
| 082 ## - DEWEY DECIMAL CLASSIFICATION NUMBER | |
| Classification number | 305.569 |
| Item number | MNPD |
| 110 ## - MAIN ENTRY--CORPORATE NAME | |
| Date of meeting or treaty signing | June 1998 |
| 245 ## - TITLE STATEMENT | |
| Title | Poverty in Kenya |
| Remainder of title | Incidence and Depth of Poverty |
| Statement of responsibility, etc. | Central Bureau of Statistics |
| 250 ## - EDITION STATEMENT | |
| Edition statement | First Report |
| 260 ## - PUBLICATION, DISTRIBUTION, ETC. (IMPRINT) | |
| Place of publication, distribution, etc. | Kenya |
| Name of publisher, distributor, etc. | Central Bureau of Statistics |
| Date of publication, distribution, etc. | June 1998 |
| 300 ## - PHYSICAL DESCRIPTION | |
| Extent | 67 p |
| 440 ## - SERIES STATEMENT/ADDED ENTRY--TITLE | |
| Volume/sequential designation | 1 |
| 500 ## - GENERAL NOTE | |
| General note | Tables of Statistics |
| 610 ## - SUBJECT ADDED ENTRY--CORPORATE NAME | |
| Subordinate unit | Human Resources and Social Services Department |
| 942 ## - ADDED ENTRY ELEMENTS (KOHA) | |
| Source of classification or shelving scheme | Dewey Decimal Classification |
| Koha item type | Books |
| Withdrawn status | Lost status | Source of classification or shelving scheme | Damaged status | Not for loan | Home library | Current library | Date acquired | Total Checkouts | Full call number | Barcode | Date last seen | Price effective from | Koha item type |
|---|---|---|---|---|---|---|---|---|---|---|---|---|---|
| Dewey Decimal Classification | Bunge Tower Library | Bunge Tower Library | 06/02/2023 | 305.569 MNPD | 10015670 | 06/02/2023 | 06/02/2023 | Books |
